秋田県の郡 - Statistics

General Stats
  • This quiz has been taken 11 times
  • The average score is 5 of 6
Answer Stats
郡名 属する町村 % Correct
北秋田郡 上小阿仁村
91%
山本郡 藤里町・三種町・八峰町
82%
仙北郡 美郷町
82%
鹿角郡 小坂町
73%
南秋田郡 五城目町・八郎潟町・井川町・大潟村
73%
雄勝郡 羽後町・東成瀬村
73%
No matching quizzes found
Score Distribution
Percent of People with Each Score
Percentile by Number Answered
Your Score History
You have not taken this quiz